书目信息 |
| 书名: | Patenting the sun | |
| 作者: | Jane S. Smith. | |
| 分册号: | ||
| 分册名: | 出版地: | New York : |
|
| 出版社: | W. Morrow | |
| 出版时间: | c1990. | |
| 页数: | 413 p., [16] p. of plates : | |
| 开本: | 24 cm. | |
| 丛书名: | ||
| 中图分类号: | ||
| 科图分类号: | ||
| 其他分类号: | R512.4 | |
| 主题词: | ||
| 电子资源: | ||
| 000 | 01046pam a2200313 a 450 | |
| 001 | E0739656240 | |
| 005 | 20070509110243.56 | |
| 008 | 891213s1990 nyuaf b 001 0 eng | |
| 010 | @a89013802 | |
| 020 | @a0688094945 :@c22.95. | |
| 020 | @a0-385-41868-X. | |
| 035 | @A(DLC) 89013802 | |
| 040 | @aDLC@cDLC@dDLC | |
| 043 | @an-us--- | |
| 050 | 00 | @aRA644.P9@bS553 1990 |
| 082 | 00 | @a616.8/35/009@2 20 |
| 090 | @aR512.4 | |
| 099 | @dR512.4@ex54 | |
| 100 | 1 | @aSmith, Jane S. |
| 245 | 10 | @aPatenting the sun :@bpolio and the Salk vaccine / @cJane S. Smith. |
| 250 | @a1st ed. | |
| 260 | @aNew York :@bW. Morrow,@cc1990. | |
| 300 | @a413 p., [16] p. of plates :@bill. ;@c24 cm. | |
| 504 | @aIncludes bibliographical references (p. 396-403) and index. | |
| 650 | 0 | @aPoliomyelitis@xVaccination@xHistory. |
| 650 | 0 | @aPoliomyelitis vaccine@xHistory. |
| 650 | 0 | @aPoliomyelitis@zUnited States@xHistory. |
| 906 | @a7@bcbc@corignew@d1@eocip@f19@gy-gencatlg | |
| 991 | @bc-GenColl@hRA644.P9@iS553 1990@p00008617788@tCopy 1@wBOOKS | |
| Patenting the sun : : polio and the Salk vaccine / / Jane S. Smith.-1st ed.-New York : : W. Morrow, , c1990. |
| 413 p., [16] p. of plates : : ill. ; ; 24 cm. |
| Includes bibliographical references (p. 396-403) and index. |
| ISBN 0688094945 :22.95. |
| ● |
| 相关链接 |
|
|
|
|
正题名:Patenting the sun
索取号:R512.4/x54
 
预约/预借
| 序号 | 登录号 | 条形码 | 馆藏地/架位号 | 状态 | 备注 |
| 1 | 7683 | 300076833 | 第二样本阅览室/ [索取号:R512.4/x54] | 在馆 |